Sudden Death: WWE Video Game Covers since 2000 - Statistics

General Stats
  • This quiz has been taken 266 times
    159 since last reset
  • The average score is 9 of 25
Answers on the Grid
Answers color-coded by a green-red scale on the quiz's grid according to % correct below.
AJ Styles
Asuka
Batista
Becky Lynch
Bret Hart
Brock Lesnar
Charlotte Flair
Chyna
CM Punk
Cody Rhodes
Edge
Finn Balor
Goldberg
Hulk Hogan
John Cena
Kurt Angle
Mankind
Randy Orton
Rey Mysterio
Rob Van Dam
Roman Reigns
Ronda Rousey
Scott Steiner
Seth Rollins
Shawn Michaels
Stephanie McMahon
The Big Show
The Miz
The Rock
Tiffany Stratton
Triple H
Umaga
Vince McMahon
“Macho Man” Randy Savage
“Stone Cold” Steve Austin
 
Answer Stats
Answer % Correct
AJ Styles
68%
Brock Lesnar
68%
John Cena
65%
The Rock
57%
Triple H
55%
Becky Lynch
54%
CM Punk
54%
Cody Rhodes
54%
Roman Reigns
54%
Randy Orton
52%
Seth Rollins
49%
“Stone Cold” Steve Austin
48%
Rey Mysterio
45%
Batista
43%
Shawn Michaels
35%
Vince McMahon
26%
Hulk Hogan
23%
The Big Show
20%
The Miz
18%
Goldberg
17%
Kurt Angle
15%
Chyna
6%
Mankind
6%
Rob Van Dam
5%
Scott Steiner
0%
No matching quizzes found
Score Distribution
Percent of People with Each Score
Percentile by Number Answered
Your Score History
You have not taken this quiz since the last reset